Movies Quiz

Random Movies or Actress Quiz

Blitz: Name an Actor Who Played... Quiz Stats

 Plays Quiz Updated Mar 16, 2018

Challenge
Share
Tweet
Embed
Score 0/25 Timer 03:00
3 Plays Today
Hint Answer % Correct
James Bond in an official Bond filmPierce Brosnan, Sean Connery, Daniel Craig, Timothy Dalton, George Lazenby...
92.8%
CatwomanHalle Berry, Anne Hathaway, Lee Meriwether, Michelle Pfeiffer
92.4%
Batman in a live-action filmBen Affleck, Christian Bale, George Clooney, Val Kilmer, Michael Keaton...
92.3%
Danny OceanGeorge Clooney, Frank Sinatra
88.5%
SpockLeonard Nimoy, Zachary Quinto
86.5%
Mad Max RockatanskyMel Gibson, Tom Hardy
84.7%
Hannibal LecterBrian Cox, Anthony Hopkins, Gaspard Ulliel
83.3%
Spider-ManAndrew Garfield, Tom Holland, Tobey Maguire
82.8%
Inspector ClouseauSteve Martin, Roger Moore, Peter Sellers, Alan Arkin
78.4%
Belle in a musical Beauty and the BeastPaige O'Hara, Emma Watson
70.1%
SupermanHenry Cavill, Christopher Reeve, George Reeves, Brandon Routh
70.1%
Laurie Strode in HalloweenJamie Lee Curtis, Scout Taylor-Compton
63.9%
Hamlet in an Oscar-nominated filmKenneth Branagh, Mel Gibson, Laurence Olivier
60.5%
Hint Answer % Correct
Mystique in X-menRebecca Romijn, Jennifer Lawrence
59.9%
Jack RyanBen Affleck, Alec Baldwin, Harrison Ford, Chris Pine
58.6%
Ann Darrow* in King KongNaomi Watts, Fay Wray
57.1%
DumbledoreMichael Gambon, Richard Harris
52.8%
Caesar in Planet of the ApesRoddy McDowall, Andy Serkis
48.5%
ShaftSamuel L. Jackson, Richard Roundtree
47.8%
Norman BatesAnthony Perkins, Vince Vaughn
47.1%
Sarah ConnorEmilia Clarke, Linda Hamilton
38.7%
Number 2 in Austin PowersRob Lowe, Robert Wagner
37.8%
Jack Carter in Get CarterMichael Caine, Sylvester Stallone
33.8%
Freddy KruegerRobert Englund, Jackie Earle Haley
28.3%
Ernst Stavro BlofeldCharles Gray, Donald Pleasence, Telly Savalas, Christoph Waltz
27.1%

You're not logged in!

Compare scores with friends on all Sporcle quizzes.
Join for Free
OR
Log In

You Might Also Like...

Show Comments

Extras

Top Quizzes Today


Score Distribution

Your Account Isn't Verified!

In order to create a playlist on Sporcle, you need to verify the email address you used during registration. Go to your Sporcle Settings to finish the process.

Report this User

Report this user for behavior that violates our Community Guidelines.

Details: